| 000 | 01289nam a2200325 a 4500 | ||
|---|---|---|---|
| 999 |
_c48608 _d48608 |
||
| 003 | BLK | ||
| 005 | 20250709113838.0 | ||
| 008 | 180408b bul|||||r ||||||| ||bul|| | ||
| 010 | _aKNG00052426000 | ||
| 040 | _aBLK | ||
| 041 |
_aBUL _cBUL |
||
| 080 |
_aЛатино-американска литература _b821.134.2(7/8) _x-31 _z821.134.2(7/8)-31 |
||
| 100 | 1 |
_aВаргас Льоса, Марио _eпърви автор _9281807 |
|
| 139 |
_aВаргас Льоса, Марио _bВ 22 |
||
| 245 | 1 | 0 |
_aПанталеон и посетителките _bРоман _cМарио Варгас Льоса; прев. от исп. Емилия Юлзари; предг. от Ина Тертерян. |
| 257 | _aPER | ||
| 260 |
_bОФ _c1981 _aСофия |
||
| 300 |
_a252 с. _c22 см |
||
| 380 | _aX | ||
| 500 | _aОриг. загл. Pantaleon y las visitadoras | ||
| 700 | 1 |
_aЮлзари, Емилия _eпрев. от исп. _9368326 |
|
| 700 | 1 |
_aТертерян, Ина _eпредг. от _9282153 |
|
| 852 | _aЦб 108033 | ||
| 856 | 4 |
_qpdf _i0.00 _ldisable |
|
| 856 | 4 |
_qpdf _i0.00 _ldisable |
|
| 942 |
_cKNG _n0 _02 _s1 |
||
| 944 |
_aCR _c02.09.2016 _k30531 _lЦветелина Шанова |
||
| 944 |
_aED _c02.09.2016 _kХристина_Везирева |
||
| 999 | _d48608 | ||